00720nam a2200205Ia 4500999001700000082001200017100001700029245013600046260003200182300000800214650002800222650002300250650002500273650002200298650003900320650001800359650002500377942001200402952010000414 c22691d22691 aTB.0025 aBorude, R.R. 0avarious techniques of measuring association value of nonsense syllables and meaningful material used with Marathi speaking subjects c1972bMarathwada University a245 aPsychology of languages aSpeechvPsychology aMeaning (Psychology) aPsycholinguistics aLanguage and languagesvPsychology aPsychometrics aLearningvPsychology cTH2ddc 00104070aNASSDOCbNASSDOCd2004-10-08l0oTB.0025p7396r2019-04-18 00:00:00w2019-04-18yTH